00628 a2200169 45000010006000000050017000060080041000230030015000640400040000790800033001192450024001522640036001763000022002125050196002340410008004301000020004386317720260407155927.0260407a1976 arg spa dAR-UNSa-BCEJYS aAR-UNSa-BCEJYSbspacAR-UNSa-BCEJYS a339.72.053xBalanza de pagos10aEl balance de pagos 1aBuenos Aires :bEl Ateneoc1976 ax, 374 p.c22 cm. aParte I: Definiciones – Parte II: La economía neutral - Parte III: Política financiera - Parte IV: Ajustes de precios - Parte V: Controles Directos - Parte VI: La red mundial de pagos. aspa1 aMeade, James E.